000 00314nam a22001217a 4500
008 250217b |||||||| |||| 00| 0 eng d
050 _aHD2956
_b.M55
100 _aMILLER, Raymond W.
245 _aA Conservative Looks At Cooperative
260 _aU.S.A
_bOhio University Press
_c1964
300 _a205p.
942 _cBK
999 _c1942
_d1942